[Event "13. Lichtenberger Sommer"]
[Site "?"]
[Date "2014.08.24"]
[Round "9.24"]
[White "Nötzel, Felix"]
[Black "Bankmann, Daniel"]
[Result "0-1"]
[WhiteElo "2113"]
[BlackElo "1931"]
[PlyCount "187"]
[EventDate "2014.??.??"]
[WhiteTeam "Sfrd. Berlin 1903 e.V."]
[BlackTeam "SC 1934 Gelnhausen"]

1. e4 c6 2. d4 d5 3. Nc3 dxe4 4. f3 exf3 5. Nxf3 Bf5 6. Bc4 Nf6 7. O-O e6 8.
Ng5 Bg6 9. Bxe6 fxe6 10. Nxe6 Qd7 11. Re1 Kf7 12. Bf4 Bd6 13. Ng5+ Kg8 14. Be5
h6 15. Nf3 Ng4 16. Qe2 Nxe5 17. dxe5 Bc5+ 18. Kh1 Qe7 19. Rad1 Na6 20. e6 Kh7
21. Rd7 Qf6 22. Ne4 Bxe4 23. Qxe4+ Qg6 24. Qe5 Rhf8 25. e7 Rfe8 26. Nh4 Qf7 27.
c3 Kg8 28. Nf5 Qf6 29. Qe4 Bb6 30. Nd6 Nc5 31. Qc4+ Kh7 32. Nxe8 Rxe8 33. Rdd1
Rxe7 34. Rf1 Qg6 35. Rf8 Qe6 36. Qh4 Ne4 37. Rdf1 Nf6 38. h3 Re8 39. Rxe8 Qxe8
40. Re1 Qd7 41. Re2 Qd1+ 42. Qe1 Qxe1+ 43. Rxe1 Bc5 44. Kh2 Kg6 45. Kg3 Kf5 46.
Kf3 h5 47. Rd1 Bb6 48. Re1 Bc5 49. Rd1 g5 50. g3 g4+ 51. Kg2 Nd5 52. Rf1+ Ke6
53. Re1+ Ne3+ 54. Kf2 Kf5 55. hxg4+ Kxg4 56. Re2 Nf5+ 57. Kg2 Nxg3 58. Re8 Nf5
59. Rg8+ Kf4 60. Kh3 Ke4 61. a4 Be3 62. Rh8 Bc1 63. b3 Bb2 64. Rxh5 Bxc3 65.
Rh7 Nd6 66. Kg2 Kd5 67. Kf3 a5 68. Ke2 Kc5 69. Kd3 Ba1 70. Rh1 Bb2 71. Rh2 Ba3
72. Rh7 b5 73. axb5 Nxb5 74. Rh4 Bb4 75. Rh5+ Kb6 76. Rg5 Nc7 77. Kc4 Nd5 78.
Rh5 Bc5 79. Rh6 Ne3+ 80. Kd3 Kb5 81. Kc3 Nd5+ 82. Kc2 Kb4 83. Rh4+ Kb5 84. Rh7
Bd4 85. Kd3 Bf6 86. Kc2 Kb4 87. Rb7+ Ka3 88. Ra7 Nb4+ 89. Kb1 Kxb3 90. Rxa5 Bd4
91. Kc1 c5 92. Rxc5 Bxc5 93. Kd2 Kc4 94. Ke2 0-1

[Event "13. Lichtenberger Sommer"]
[Site "?"]
[Date "2014.08.24"]
[Round "9.25"]
[White "Schäfer, Heiko"]
[Black "Mai, Andreas"]
[Result "1/2-1/2"]
[WhiteElo "2064"]
[BlackElo "1998"]
[PlyCount "96"]
[EventDate "2014.??.??"]
[WhiteTeam "Potsdamer SV Mitte e.V."]
[BlackTeam "SC Friesen Lichtenberg e.V."]

1. e4 d6 2. d4 Nf6 3. Nc3 g6 4. f4 Bg7 5. Nf3 O-O 6. Bd3 Bg4 7. h3 Bxf3 8. Qxf3
e5 9. dxe5 dxe5 10. f5 Nh5 11. Be3 Qh4+ 12. Qf2 Qxf2+ 13. Kxf2 c6 14. a4 Nd7
15. Ra3 b6 16. Be2 Nf4 17. Bf3 gxf5 18. exf5 Rac8 19. Rd1 Nf6 20. a5 N4d5 21.
Nxd5 Nxd5 22. Bxd5 cxd5 23. c3 d4 24. Bg5 Rc6 25. cxd4 exd4 26. Rf3 h6 27. Be7
Re8 28. f6 Bf8 29. Rg3+ Kh7 30. Rxd4 Bxe7 31. fxe7 Rxe7 32. axb6 Rxb6 33. b4
Rbe6 34. Ra3 a6 35. Kf3 Kg6 36. Rd8 Rb6 37. Ra4 Rf6+ 38. Kg3 Re3+ 39. Kh2 Rb6
40. Ra8 Re4 41. R8xa6 Rexb4 42. g4 f6 43. Kg3 Rb3+ 44. Kh4 Rxa6 45. Rxa6 Rb4
46. Ra3 h5 47. Kg3 hxg4 48. hxg4 f5 1/2-1/2

[Event "13. Lichtenberger Sommer"]
[Site "?"]
[Date "2014.08.24"]
[Round "9.26"]
[White "Sabrowski, Uwe"]
[Black "Gelemerov, Yane"]
[Result "0-1"]
[WhiteElo "2097"]
[BlackElo "2090"]
[PlyCount "128"]
[EventDate "2014.??.??"]
[WhiteTeam "SC Friesen Lichtenberg e.V."]
[BlackTeam "Krakera Pernik"]

1. d4 Nf6 2. c4 e6 3. Nc3 Bb4 4. e3 Bxc3+ 5. bxc3 d6 6. Bd3 Nbd7 7. Ne2 O-O 8.
Qc2 b6 9. O-O e5 10. f3 Re8 11. Bd2 Bb7 12. Ng3 Nf8 13. Rae1 g6 14. d5 Qe7 15.
Re2 h5 16. Ref2 h4 17. Ne2 Nh5 18. g4 Nf6 19. e4 N8h7 20. Qc1 Nd7 21. Kg2 g5
22. Ng1 f6 23. Be3 Ndf8 24. Qa3 Ng6 25. Nh3 Nhf8 26. Rb1 Nd7 27. Qc1 Nf4+ 28.
Nxf4 gxf4 29. Bd2 Kf7 30. h3 Nc5 31. Qc2 a5 32. Bc1 Ba6 33. Ba3 Nd7 34. Kf1 Rh8
35. Ke2 Nf8 36. Qa4 Qe8 37. Qxe8+ Rxe8 38. Kd2 Nh7 39. Kc2 Ng5 40. Rh1 Rb8 41.
Rff1 Ke7 42. Kd2 Rhc8 43. Rf2 Kd7 44. c5 Bxd3 45. c6+ Kd8 46. Kxd3 b5 47. c4 b4
48. Bb2 Ke7 49. Rff1 Rh8 50. Rf2 Rb6 51. Rff1 a4 52. Rf2 Ra8 53. Bc1 Rab8 54.
Rhh2 a3 55. Rf1 b3 56. Bxa3 Ra6 57. Bb2 bxa2 58. Kc3 Rab6 59. Ba1 Rb3+ 60. Kc2
Nxf3 61. g5 Nxh2 62. gxf6+ Kxf6 63. Rxf4+ Kg5 64. Rxh4 Rb1 0-1

[Event "13. Lichtenberger Sommer"]
[Site "?"]
[Date "2014.08.24"]
[Round "9.27"]
[White "Stark, Ingo"]
[Black "Richter, Götz"]
[Result "0-1"]
[WhiteElo "2134"]
[BlackElo "2028"]
[PlyCount "86"]
[EventDate "2014.??.??"]
[WhiteTeam "TSG Oberschöneweide e.V."]
[BlackTeam "Klub Kölner Schachfreunde e.V. 1"]

1. e4 c5 2. Nf3 d6 3. d4 cxd4 4. Nxd4 Nf6 5. Nc3 Nc6 6. h3 a6 7. g4 e6 8. Bg2
Qb6 9. Nb3 Qc7 10. a4 b6 11. O-O Bb7 12. f4 Nd7 13. Be3 Be7 14. Qd2 Rc8 15.
Rad1 Nb4 16. Qf2 O-O 17. Rd2 Nc5 18. Nd4 Rfe8 19. g5 Bf8 20. Nde2 Rcd8 21. Rfd1
Bc6 22. h4 Qb7 23. Ng3 Nxa4 24. Nxa4 Bxa4 25. b3 Bd7 26. Bxb6 Rc8 27. c4 Bc6
28. Kh2 Rb8 29. Ba7 Ra8 30. Be3 a5 31. Bd4 Na6 32. Qe3 e5 33. Ba1 Nc5 34. Rb1
exf4 35. Qxf4 Nxe4 36. Nh5 d5 37. Kh1 Nxd2 38. Nf6+ gxf6 39. Qxf6 d4 40. Bxc6
Bg7 41. Bxb7 Bxf6 42. Rg1 Bg7 43. g6 hxg6 0-1

[Event "13. Lichtenberger Sommer"]
[Site "?"]
[Date "2014.08.24"]
[Round "9.28"]
[White "Hörmann, David"]
[Black "Tscheuschner, Georg"]
[Result "1-0"]
[WhiteElo "1983"]
[BlackElo "1967"]
[PlyCount "79"]
[EventDate "2014.??.??"]
[WhiteTeam "SC Weisse Dame e.V."]
[BlackTeam "SV Mattnetz Berlin e.V."]

1. e4 c5 2. Nf3 d6 3. d4 cxd4 4. Nxd4 Nf6 5. Nc3 a6 6. Bc4 Nbd7 7. O-O e6 8.
Bb3 Nc5 9. Re1 Be7 10. f4 Nxb3 11. axb3 O-O 12. Qf3 Qc7 13. Kh1 Rd8 14. Be3 b6
15. Bg1 Bb7 16. Rad1 Rac8 17. g4 d5 18. e5 Ne4 19. Rd3 Kh8 20. Bf2 Rg8 21. Bg3
Bb4 22. Rde3 Rcf8 23. f5 g6 24. f6 h6 25. Bf4 g5 26. Bg3 Rg6 27. Qg2 Kh7 28.
Qh3 Rh8 29. Qh5 Qd7 30. Kg1 Bxc3 31. bxc3 Kg8 32. Rd1 Kf8 33. c4 Ke8 34. cxd5
Qxd5 35. c4 Qc5 36. Kf1 Bc6 37. Nxe6 Nxf6 38. Nxc5 Nxh5 39. gxh5 Rgg8 40. Rd6
1-0

[Event "13. Lichtenberger Sommer"]
[Site "?"]
[Date "2014.08.24"]
[Round "9.29"]
[White "Wecker, Martin"]
[Black "Hilbig, Dieter"]
[Result "1-0"]
[WhiteElo "2049"]
[BlackElo "2020"]
[PlyCount "61"]
[EventDate "2014.??.??"]
[WhiteTeam "Godesberger Schachklub 1929 e.V."]
[BlackTeam "ESV Gera"]

1. e4 c5 2. c3 d5 3. exd5 Qxd5 4. d4 Nf6 5. Nf3 Bg4 6. dxc5 Qxc5 7. Be3 Qc7 8.
h3 Bd7 9. Na3 e6 10. Nb5 Bxb5 11. Bxb5+ Nbd7 12. Qa4 Bc5 13. Bf4 Qc8 14. Rd1 a6
15. Bxd7+ Nxd7 16. c4 f6 17. O-O Ke7 18. b4 Ba7 19. Bd6+ Kf7 20. Rfe1 Nb6 21.
Qb3 Qxc4 22. Rc1 Qxb3 23. Rc7+ Kg6 24. axb3 Nc8 25. Bc5 b6 26. Be3 b5 27. Bxa7
Nxa7 28. Rxe6 Rhc8 29. Rc5 Kf7 30. Rxa6 Ke7 31. Rxc8 1-0

[Event "13. Lichtenberger Sommer"]
[Site "?"]
[Date "2014.08.24"]
[Round "9.30"]
[White "Schulz, Olaf"]
[Black "Scheide, Helmut"]
[Result "0-1"]
[WhiteElo "2029"]
[BlackElo "1947"]
[PlyCount "80"]
[EventDate "2014.??.??"]
[WhiteTeam "SC Rotation Pankow e.V."]
[BlackTeam "USV Potsdam e.V., Abt. Schach"]

1. d4 Nf6 2. c4 e6 3. Nc3 Bb4 4. e3 c5 5. a3 Bxc3+ 6. bxc3 Nc6 7. d5 Ne7 8. Bd3
exd5 9. cxd5 Nfxd5 10. Ne2 Nf6 11. e4 d5 12. exd5 Qxd5 13. O-O O-O 14. Nf4 Qc6
15. Re1 Ned5 16. Nxd5 Qxd5 17. c4 Qc6 18. Bb2 Bg4 19. Qc2 h6 20. h3 Bd7 21. Re3
Rad8 22. Qc3 Rfe8 23. Rg3 Kh8 24. Bc2 Bc8 25. Ba4 Qxa4 26. Rxg7 Rd4 27. Rxf7
Qc6 28. Qc2 Rg8 29. f3 Bxh3 30. Bxd4 cxd4 31. Qd3 Rxg2+ 32. Kh1 Qd6 33. f4 Qxf4
34. Qxh3 Rg3 35. Qc8+ Rg8 36. Qh3 Qe4+ 37. Kh2 Ng4+ 38. Kg1 Ne3+ 39. Kf2 Rg2+
40. Ke1 Nxc4+ 0-1

[Event "13. Lichtenberger Sommer"]
[Site "?"]
[Date "2014.08.24"]
[Round "9.31"]
[White "Feyer, Leon"]
[Black "Hahlbohm, Matthias"]
[Result "1/2-1/2"]
[WhiteElo "1660"]
[BlackElo "2074"]
[PlyCount "35"]
[EventDate "2014.??.??"]
[WhiteTeam "SV Empor Berlin e.V."]
[BlackTeam "TSG Oberschöneweide e.V."]

1. e4 e6 2. d4 d5 3. exd5 exd5 4. Bd3 Ne7 5. Nf3 g6 6. O-O Bg7 7. Bf4 O-O 8.
Re1 Nbc6 9. c3 Bf5 10. Qc2 Bxd3 11. Qxd3 Nf5 12. Qb5 Rb8 13. Nbd2 a6 14. Qc5
Qd7 15. Ne5 Nxe5 16. Bxe5 Bxe5 17. Rxe5 Rfe8 18. Qa7 1/2-1/2

[Event "13. Lichtenberger Sommer"]
[Site "?"]
[Date "2014.08.24"]
[Round "9.32"]
[White "Schmidt, Markus"]
[Black "Korell, Klaus-Peter"]
[Result "1-0"]
[WhiteElo "2097"]
[BlackElo "1901"]
[PlyCount "67"]
[EventDate "2014.??.??"]
[WhiteTeam "SK Turm Bad Hersfeld"]
[BlackTeam "SG TT/Wiheil"]

1. c4 Nf6 2. g3 c5 3. Bg2 g6 4. Nc3 Bg7 5. Nf3 O-O 6. d4 cxd4 7. Nxd4 Nc6 8. e3
Rb8 9. O-O a6 10. Qe2 Qc7 11. Rd1 Ne5 12. b3 d6 13. Bb2 Bg4 14. f3 Bd7 15. h3
Nc6 16. f4 e5 17. Nf3 exf4 18. exf4 Rfd8 19. Qd2 Qa5 20. Re1 Qh5 21. g4 Qc5+
22. Kh2 Bxg4 23. hxg4 Nxg4+ 24. Kg3 h5 25. Ne4 Qb6 26. Bxg7 Kxg7 27. Nf2 Nxf2
28. Qxf2 Qxf2+ 29. Kxf2 d5 30. Ne5 Nb4 31. Rad1 dxc4 32. bxc4 f6 33. Nd7 Kf7
34. Nxb8 1-0

[Event "13. Lichtenberger Sommer"]
[Site "?"]
[Date "2014.08.24"]
[Round "9.33"]
[White "Westphal, Julian"]
[Black "Keil, Uwe"]
[Result "0-1"]
[WhiteElo "1734"]
[BlackElo "2132"]
[PlyCount "112"]
[EventDate "2014.??.??"]
[WhiteTeam "TSG Oberschöneweide e.V."]
[BlackTeam "SC Friesen Lichtenberg e.V."]

1. d4 Nf6 2. c4 c5 3. d5 e6 4. Nc3 exd5 5. cxd5 d6 6. e4 g6 7. Bd3 Bg7 8. h3
O-O 9. Nf3 a6 10. a4 Qc7 11. O-O Nbd7 12. Bf4 c4 13. Bc2 Re8 14. Re1 Nh5 15.
Bh2 Qc5 16. Qd2 Ne5 17. Nxe5 Bxe5 18. Bxe5 Rxe5 19. Kh2 g5 20. g3 g4 21. h4 Bd7
22. Rf1 Rae8 23. a5 Kg7 24. Ne2 f6 25. Nc3 h6 26. Qe2 Qc8 27. Ba4 f5 28. Bxd7
Qxd7 29. Qxc4 fxe4 30. Rae1 Nf6 31. Re3 R8e7 32. Rfe1 Qf5 33. Kg2 Nxd5 34. Nxd5
Rxd5 35. Rxe4 Qf3+ 36. Kg1 Rxe4 37. Qxe4 Qxe4 38. Rxe4 h5 39. Re7+ Kf6 40. Rxb7
Rxa5 41. Kg2 Rb5 42. Rc7 a5 43. Rc2 Rb3 44. Re2 d5 45. Kf1 Rb4 46. Kg2 Kf5 47.
f4 gxf3+ 48. Kxf3 Rb3+ 49. Kf2 d4 50. Rd2 Ke4 51. Re2+ Kd5 52. Rd2 Re3 53. Kg2
Ke4 54. Kf2 d3 55. Rd1 Re2+ 56. Kf1 Rxb2 0-1

[Event "13. Lichtenberger Sommer"]
[Site "?"]
[Date "2014.08.24"]
[Round "9.34"]
[White "Barwich, Alfred"]
[Black "Flick, Antoine"]
[Result "0-1"]
[WhiteElo "2041"]
[BlackElo "2035"]
[PlyCount "76"]
[EventDate "2014.??.??"]
[WhiteTeam "SV Berolina Mitte e.V."]
[BlackTeam "Philidor Mulhouse"]

1. d4 Nf6 2. Nf3 g6 3. e3 Bg7 4. Bd3 d5 5. O-O O-O 6. Nbd2 Nbd7 7. e4 dxe4 8.
Nxe4 Nxe4 9. Bxe4 Nf6 10. Bd3 c5 11. dxc5 Qc7 12. Re1 Qxc5 13. c3 Qc7 14. Be3
e5 15. Qc2 Re8 16. Bb5 Bf5 17. Qb3 Be6 18. Qc2 Bf5 19. Qb3 Rec8 20. h3 a6 21.
Bf1 Be6 22. Qc2 Bf5 23. Qe2 Nd5 24. Bd2 Re8 25. Rad1 Nb6 26. Bc1 Rac8 27. g4
Bd7 28. b3 e4 29. Nd4 Qxc3 30. Bb2 Qc7 31. Bg2 Qf4 32. a4 a5 33. Qd2 Qxd2 34.
Rxd2 f5 35. Rde2 Nd5 36. gxf5 gxf5 37. Nb5 Bxb5 38. axb5 Nf4 0-1

[Event "13. Lichtenberger Sommer"]
[Site "?"]
[Date "2014.08.24"]
[Round "9.35"]
[White "Heuser, Philip"]
[Black "Leyrer, Thomas"]
[Result "1-0"]
[WhiteElo "2095"]
[BlackElo "1774"]
[PlyCount "47"]
[EventDate "2014.??.??"]
[WhiteTeam "Münchener SC 1836 e.V."]
[BlackTeam "SV Königsjäger Süd-West e.V."]

1. d4 d5 2. c4 e6 3. Nc3 c6 4. e3 f5 5. Bd3 Nf6 6. Qc2 Bd6 7. cxd5 cxd5 8. Nb5
Nc6 9. Nxd6+ Qxd6 10. Bd2 Bd7 11. Nf3 O-O 12. O-O Ne4 13. Rfc1 Rac8 14. Qd1 Rc7
15. Rc2 Be8 16. Ne1 g5 17. f3 Nf6 18. Bb5 a6 19. Bxc6 Bxc6 20. Nd3 Ba4 21. b3
Rxc2 22. Qxc2 Bb5 23. Bb4 Bxd3 24. Qd2 1-0

[Event "13. Lichtenberger Sommer"]
[Site "?"]
[Date "2014.08.24"]
[Round "9.37"]
[White "Jensen, Johnny"]
[Black "Godoj, Veit"]
[Result "0-1"]
[WhiteElo "1873"]
[BlackElo "2031"]
[PlyCount "40"]
[EventDate "2014.??.??"]
[WhiteTeam "Aros Skakklub"]
[BlackTeam "SV Königsjäger Süd-West e.V."]

1. e4 c5 2. Nf3 g6 3. d4 cxd4 4. Nxd4 Nc6 5. Nc3 Bg7 6. Be3 Nf6 7. f3 O-O 8.
Bc4 Qb6 9. Bb3 Nxe4 10. Nd5 Qa5+ 11. c3 Nc5 12. Nxc6 dxc6 13. Nxe7+ Kh8 14.
Nxc8 Re8 15. O-O Raxc8 16. Bd4 Ne6 17. Bxg7+ Kxg7 18. Qd7 Qb6+ 19. Kh1 Rcd8 20.
Bxe6 Rxe6 0-1

[Event "13. Lichtenberger Sommer"]
[Site "?"]
[Date "2014.08.24"]
[Round "9.38"]
[White "Badestein, Hartmut"]
[Black "Willich, Manfred"]
[Result "1-0"]
[WhiteElo "2066"]
[BlackElo "1961"]
[PlyCount "97"]
[EventDate "2014.??.??"]
[WhiteTeam "SC Friesen Lichtenberg e.V."]
[BlackTeam "SK Turm Bad Hersfeld"]

1. e4 c5 2. Nf3 e6 3. Qe2 Nc6 4. g3 d6 5. Bg2 Nf6 6. d3 Be7 7. O-O O-O 8. c3
Qc7 9. a4 e5 10. Re1 b6 11. Nbd2 Rb8 12. Nf1 a6 13. h3 b5 14. axb5 axb5 15. Be3
b4 16. g4 Nd7 17. d4 exd4 18. cxd4 Re8 19. Ng3 Bf6 20. Rec1 Qb6 21. d5 Nce5 22.
Nh5 Nxf3+ 23. Bxf3 Be5 24. Bg2 g6 25. Nf4 Bg7 26. f3 Bb7 27. Bf1 Ne5 28. Kg2
Ra8 29. h4 Ra5 30. Rxa5 Qxa5 31. g5 Ra8 32. Qc2 Ba6 33. Bxa6 Rxa6 34. h5 Qa4
35. Qe2 Ra5 36. Bf2 Qb3 37. h6 Bf8 38. Rc2 Ra1 39. Rd2 Be7 40. Nh3 Rb1 41. Bxc5
dxc5 42. d6 Bd8 43. Rc2 Nd3 44. Kg3 c4 45. e5 Rxb2 46. Qe4 Kf8 47. Qa8 Ke8 48.
Qc6+ Kf8 49. Qd7 1-0

[Event "13. Lichtenberger Sommer"]
[Site "?"]
[Date "2014.08.24"]
[Round "9.39"]
[White "Wörz, Markus"]
[Black "Waitz, Marco"]
[Result "1/2-1/2"]
[WhiteElo "1949"]
[BlackElo "1984"]
[PlyCount "86"]
[EventDate "2014.??.??"]
[WhiteTeam "SC Kreuzberg e.V."]
[BlackTeam "BSV 63 Chemie Weißensee"]

1. e4 e5 2. Nf3 Nf6 3. Nc3 Nc6 4. d4 exd4 5. Nxd4 Bb4 6. Nxc6 bxc6 7. Bd3 d6 8.
O-O h6 9. Bd2 O-O 10. a3 Ba5 11. b4 Bb6 12. Na4 Bd4 13. c3 Bb6 14. Nxb6 axb6
15. c4 Ng4 16. f4 Qh4 17. h3 Nf6 18. Qf3 Nd7 19. Bc3 Re8 20. Bb2 Nf8 21. Rae1
Bd7 22. e5 Re7 23. b5 Rae8 24. bxc6 Bc8 25. Rd1 dxe5 26. fxe5 Be6 27. Rc1 Rd8
28. Be4 Ng6 29. Bd5 Qg5 30. Bxe6 fxe6 31. Rcd1 Rf8 32. Qe2 Nf4 33. Qg4 Qxg4 34.
hxg4 Ne2+ 35. Kh2 Ref7 36. Rxf7 Rxf7 37. Rd8+ Kh7 38. Rd7 Rf4 39. Rd2 Re4 40.
g3 Re3 41. Kg2 Rxg3+ 42. Kf2 Rxg4 43. Kxe2 Rxc4 1/2-1/2

[Event "13. Lichtenberger Sommer"]
[Site "?"]
[Date "2014.08.24"]
[Round "9.40"]
[White "Meyer, Ulrich"]
[Black "Püschel, Werner"]
[Result "0-1"]
[WhiteElo "2007"]
[BlackElo "2093"]
[PlyCount "96"]
[EventDate "2014.??.??"]
[WhiteTeam "Schachklub Münster 32 e.V."]
[BlackTeam "SG Lasker Steglitz-Wilmersdorf"]

1. d4 c5 2. e4 cxd4 3. c3 Nf6 4. e5 Nd5 5. cxd4 e6 6. Nc3 Nxc3 7. bxc3 b6 8.
Nf3 Bb7 9. Bd3 Nc6 10. O-O Na5 11. Ng5 g6 12. Ne4 Bxe4 13. Bxe4 Rc8 14. Qd3 Qc7
15. Bg5 Bg7 16. Rac1 Qc4 17. Qxc4 Nxc4 18. Rfd1 O-O 19. Rd3 Rfe8 20. f4 h6 21.
Bh4 d5 22. Bf3 Rc7 23. Rf1 Rec8 24. Be1 Bf8 25. g4 Ba3 26. Be2 Bc1 27. f5 Ne3
28. Rf3 Nc2 29. Bg3 Bg5 30. Bd1 Na3 31. Be1 Nc4 32. h4 Bc1 33. fxg6 fxg6 34.
Rf6 Nb2 35. Bc2 Nxd3 36. Rxg6+ Rg7 37. Bxd3 Rxg6 38. Bxg6 Kg7 39. Bh5 Bb2 40.
g5 hxg5 41. Bg4 Kf7 42. hxg5 Bxc3 43. Bf2 Rc6 44. Bh5+ Kg7 45. Be3 Rc4 46. Kg2
Bxd4 47. Bf4 Bb2 48. Bg3 Bc1 0-1

[Event "13. Lichtenberger Sommer"]
[Site "?"]
[Date "2014.08.24"]
[Round "9.41"]
[White "Alcer, Fabian"]
[Black "Kapr, Klaus"]
[Result "0-1"]
[WhiteElo "1760"]
[BlackElo "2069"]
[PlyCount "56"]
[EventDate "2014.??.??"]
[WhiteTeam "SV Empor Berlin e.V."]
[BlackTeam "SC Friesen Lichtenberg e.V."]

1. e4 d5 2. exd5 Qxd5 3. Nf3 Bg4 4. Be2 Nf6 5. d4 e6 6. c4 Bb4+ 7. Nc3 Bxc3+ 8.
bxc3 Qa5 9. Qb3 Nbd7 10. Ba3 c5 11. Bxc5 Nxc5 12. dxc5 O-O 13. O-O Rab8 14. Qb4
Qc7 15. h3 Bh5 16. Rab1 Ne4 17. Nd4 Bxe2 18. Rfe1 Bd3 19. Rbd1 Nxc5 20. Nb5 Qb6
21. Re5 Ne4 22. Nd4 Qc7 23. Rxd3 Qxe5 24. Re3 Qf4 25. Nf3 Rbd8 26. Qb1 Nd2 27.
g3 Nxf3+ 28. Kg2 Nd2 0-1

[Event "13. Lichtenberger Sommer"]
[Site "?"]
[Date "2014.08.24"]
[Round "9.42"]
[White "Kollberg, Lothar"]
[Black "Bonke, Hans-Jürgen"]
[Result "0-1"]
[WhiteElo "2138"]
[BlackElo "1951"]
[PlyCount "84"]
[EventDate "2014.??.??"]
[WhiteTeam "SC Zugzwang 95 e.V."]
[BlackTeam "SC Kreuzberg e.V."]

1. d4 g6 2. c4 Bg7 3. Nc3 d6 4. e4 e6 5. Nf3 Nd7 6. Bg5 Ne7 7. Qd2 h6 8. Bf4 a6
9. Be2 b6 10. O-O Bb7 11. Rfe1 g5 12. Be3 O-O 13. d5 e5 14. b4 f5 15. exf5 Nxf5
16. h3 Bc8 17. Ne4 Nf6 18. Bd3 g4 19. Nxf6+ Qxf6 20. hxg4 Nxe3 21. Qxe3 Bxg4
22. Nh2 Bf5 23. Bxf5 Qxf5 24. Rac1 a5 25. b5 Rae8 26. Nf1 h5 27. Ng3 Qg6 28.
Qe4 Qg5 29. Rc3 h4 30. Nf1 Rf4 31. Qe2 Ref8 32. Qe3 Qf6 33. Rc2 Bh6 34. Qe2 Rf7
35. Ne3 Rg7 36. Kh1 Qg5 37. f3 Rgf7 38. Ng4 Bg7 39. Qd3 h3 40. Re4 hxg2+ 41.
Kxg2 Qf5 42. Rf2 Rxg4+ 0-1

[Event "13. Lichtenberger Sommer"]
[Site "?"]
[Date "2014.08.24"]
[Round "9.43"]
[White "Poseck, Steffen"]
[Black "Schilling, Hans"]
[Result "1/2-1/2"]
[WhiteElo "2019"]
[BlackElo "1846"]
[PlyCount "92"]
[EventDate "2014.??.??"]
[WhiteTeam "BSV 63 Chemie Weißensee"]
[BlackTeam "Sfr.Nord-Ost Berlin"]

1. b3 d5 2. Bb2 Nf6 3. g3 c5 4. Bg2 Nc6 5. e3 Bg4 6. Bf3 Bxf3 7. Nxf3 e6 8. Ne5
Nxe5 9. Bxe5 Nd7 10. Bb2 Nf6 11. O-O Be7 12. c4 O-O 13. Qe2 dxc4 14. Qxc4 Qd5
15. Qxd5 Nxd5 16. a3 Bf6 17. Bxf6 Nxf6 18. Nc3 Rfd8 19. Rfd1 Rd3 20. Kf1 Rad8
21. Ke2 g5 22. h3 h5 23. Ra2 Kg7 24. Rb2 b6 25. Nb5 R8d7 26. Nd4 c4 27. Rc1 b5
28. Nxb5 Rxb3 29. Rxb3 cxb3 30. Nd4 Rb7 31. Rb1 b2 32. Kd3 e5 33. Nc2 Rd7+ 34.
Ke2 Ne4 35. Rxb2 Rxd2+ 36. Ke1 Rxf2 37. Rb4 Rxc2 38. Rxe4 Rc5 39. Ra4 a5 40. g4
hxg4 41. hxg4 Kf6 42. Ke2 Ke6 43. Kf3 Kd5 44. Ke2 Kc6 45. Kd3 Kb5 46. Re4 Rd5+
1/2-1/2

[Event "13. Lichtenberger Sommer"]
[Site "?"]
[Date "2014.08.24"]
[Round "9.44"]
[White "Baranowsky, Peter"]
[Black "Kievelitz, Bernd"]
[Result "1-0"]
[WhiteElo "1978"]
[BlackElo "1998"]
[PlyCount "49"]
[EventDate "2014.??.??"]
[WhiteTeam "Sfrd. Berlin 1903 e.V."]
[BlackTeam "SC Zitadelle Spandau 1977 e.V."]

1. e4 c5 2. Nf3 e6 3. d4 cxd4 4. Nxd4 a6 5. Bd3 Nf6 6. O-O Qc7 7. c4 d6 8. Qe2
Nbd7 9. b3 Be7 10. Nc3 O-O 11. Bg5 Ne5 12. Bc2 b5 13. f4 Ned7 14. Kh1 Bb7 15.
Rf3 bxc4 16. bxc4 Rfc8 17. Rh3 Qxc4 18. Rb1 Qxe2 19. Ndxe2 Rc7 20. e5 dxe5 21.
Bxh7+ Kf8 22. Rxb7 Rxb7 23. Be4 Nc5 24. Bxb7 Nxb7 25. Bxf6 1-0

[Event "13. Lichtenberger Sommer"]
[Site "?"]
[Date "2014.08.24"]
[Round "9.45"]
[White "Schmalzried, Volker"]
[Black "Meyer-Dunker, Paul"]
[Result "0-1"]
[WhiteElo "1875"]
[BlackElo "1912"]
[PlyCount "46"]
[EventDate "2014.??.??"]
[BlackTeam "SC Friesen Lichtenberg e.V."]

1. c4 e6 2. Nc3 Nf6 3. Nf3 d5 4. d4 dxc4 5. e4 Bb4 6. e5 Nd5 7. Bd2 c5 8. Bxc4
cxd4 9. Nxd5 Bxd2+ 10. Qxd2 exd5 11. Bb5+ Bd7 12. Nxd4 O-O 13. O-O Nc6 14. Bxc6
bxc6 15. Rac1 Qe7 16. Nxc6 Bxc6 17. Rxc6 Qxe5 18. Rc5 Rad8 19. Re1 Qh5 20. Rd1
Rfe8 21. h3 h6 22. Rxd5 Rxd5 23. Qxd5 Re1+ 0-1

[Event "13. Lichtenberger Sommer"]
[Site "?"]
[Date "2014.08.24"]
[Round "9.46"]
[White "Fartmann, Oliver"]
[Black "Albinus, Günter"]
[Result "0-1"]
[WhiteElo "1927"]
[BlackElo "1877"]
[PlyCount "68"]
[EventDate "2014.??.??"]
[WhiteTeam "SV Mattnetz Berlin e.V."]
[BlackTeam "SG Weißensee 49 e.V."]

1. d4 Nf6 2. c4 d5 3. cxd5 Qxd5 4. Nc3 Qd8 5. Nf3 Bf5 6. Bg5 Nbd7 7. Rc1 h6 8.
Bh4 c6 9. Qb3 Qb6 10. Qxb6 axb6 11. e3 e6 12. Bc4 Bd6 13. O-O O-O 14. Rfe1 Ne4
15. Nxe4 Bxe4 16. Nd2 Bd5 17. a3 b5 18. Bd3 e5 19. e4 Be6 20. d5 cxd5 21. exd5
Bxd5 22. Bxb5 Nb6 23. Ne4 Bxe4 24. Rxe4 f5 25. Re2 g5 26. f4 gxh4 27. fxe5 Be7
28. Rc7 Rf7 29. e6 Rg7 30. Kf1 Rb8 31. Re5 Bd6 32. Rxg7+ Kxg7 33. Rxf5 Rf8 34.
Rxf8 Kxf8 0-1

[Event "13. Lichtenberger Sommer"]
[Site "?"]
[Date "2014.08.24"]
[Round "9.47"]
[White "Muskewitz, Bernd"]
[Black "Bullig, Reinhard"]
[Result "1-0"]
[WhiteElo "1969"]
[BlackElo "1772"]
[PlyCount "75"]
[EventDate "2014.??.??"]
[WhiteTeam "SV Mattnetz Berlin e.V."]
[BlackTeam "Sfrd. Berlin 1903 e.V."]

1. e4 e6 2. d4 d5 3. Nd2 dxe4 4. Nxe4 c5 5. Nxc5 Bxc5 6. dxc5 Qa5+ 7. c3 Qxc5
8. Be3 Qc7 9. Qg4 f6 10. Bb5+ Nc6 11. Nf3 a6 12. Bd3 Qf7 13. O-O e5 14. Qa4 Be6
15. Nd2 Nge7 16. Ne4 Rd8 17. Rfd1 O-O 18. Bb6 Rd7 19. Nc5 Rd6 20. Bxh7+ Kxh7
21. Rxd6 Bd5 22. Rd1 Qg6 23. R1xd5 Nxd5 24. Rxd5 Qb1+ 25. Rd1 Qxb2 26. Qb3 Qe2
27. Qb1+ f5 28. Re1 Qd2 29. Re3 e4 30. Nb3 Qd5 31. Nd4 Ne5 32. Rh3+ Kg6 33. Qb3
Qd6 34. Qe6+ Qxe6 35. Nxe6 Rf6 36. Nf4+ Kg5 37. Rg3+ Kxf4 38. Be3# 1-0

[Event "13. Lichtenberger Sommer"]
[Site "?"]
[Date "2014.08.24"]
[Round "9.48"]
[White "Herrmann, Eberhard"]
[Black "Kutschke, Jens"]
[Result "0-1"]
[WhiteElo "1852"]
[BlackElo "2014"]
[PlyCount "28"]
[EventDate "2014.??.??"]
[WhiteTeam "SC Friesen Lichtenberg e.V."]
[BlackTeam "Sfrd. Berlin 1903 e.V."]

1. e4 e6 2. Nf3 d5 3. Nc3 Nf6 4. e5 Nfd7 5. g3 c5 6. d4 Nc6 7. Bf4 Qb6 8. Na4
Qa5+ 9. c3 cxd4 10. b4 Qc7 11. b5 Ncxe5 12. Nxe5 Nxe5 13. Qxd4 Nf3+ 14. Kd1 Qa5
0-1

[Event "13. Lichtenberger Sommer"]
[Site "?"]
[Date "2014.08.24"]
[Round "9.50"]
[White "Lischeid, Kilian"]
[Black "Heerde, Thomas"]
[Result "0-1"]
[WhiteElo "1642"]
[BlackElo "2074"]
[PlyCount "78"]
[EventDate "2014.??.??"]
[WhiteTeam "Schachunion Berlin e.V."]
[BlackTeam "SC Weisse Dame e.V."]

1. c4 Nf6 2. d4 g6 3. Nc3 Bg7 4. e4 O-O 5. Nf3 d6 6. Be2 Nbd7 7. O-O e5 8. Bg5
h6 9. Bh4 c6 10. Qc2 Re8 11. Rad1 Qe7 12. d5 c5 13. Rb1 Nf8 14. b4 g5 15. Bg3
cxb4 16. Rxb4 b6 17. Bd3 Ng6 18. Nb5 Rf8 19. h3 Nh5 20. Nh2 Ngf4 21. Be2 f5 22.
Bxh5 Nxh5 23. exf5 Bxf5 24. Qd1 Nf4 25. Rb3 Rac8 26. Bxf4 gxf4 27. Qe2 e4 28.
Re1 Rce8 29. Kh1 Kh7 30. Ra3 a5 31. Rb3 Rg8 32. a4 Be5 33. Ng4 Bxg4 34. hxg4 e3
35. f3 h5 36. gxh5 Rg3 37. Qd3+ Kh8 38. Qf5 Qh4+ 39. Kg1 Rg5 0-1